书目信息 |
| 题名: |
硅变流器工程
|
|
| 作者: | 樊元武 编著 | |
| 分册: | ||
| 出版信息: | 北京 中国建筑工业出版社 1983 |
|
| 页数: | 311页 | |
| 开本: | 21cm | |
| 丛书名: | ||
| 单 册: | ||
| 中图分类: | TN342 | |
| 科图分类: | ||
| 主题词: | 变流器 , 硅整流器 , 晶闸管 , 可控硅 | |
| 电子资源: | ||
| ISBN: | ||
| 000 | 00681nam0 2200265 45 | |
| 001 | 0183000539 | |
| 005 | 20060329161525.43 | |
| 010 | @dCNY1.25 | |
| 091 | @a15040.4532 | |
| 100 | @a19950323d1983 em y0chiy0121 ea | |
| 101 | 0 | @achi |
| 102 | @aCN@b110000 | |
| 105 | @ay z 000yy | |
| 200 | 10 | @a硅变流器工程@Agui bian liu qi gong cheng@f樊元武编著@Ffan yuan wu bian zhu |
| 210 | @a北京@c中国建筑工业出版社@d1983 | |
| 215 | @a311页@d21cm | |
| 606 | @a变流器 | |
| 606 | @a硅整流器 | |
| 606 | 0 | @a晶闸管 |
| 606 | 0 | @a可控硅 |
| 690 | @aTN342@v3 | |
| 701 | 0 | @a樊元武@Afan yuan wu@4编著 |
| 801 | 2 | @aCN@bNLC@c20060329 |
| 801 | 0 | @aCN@bTSSF |
| 905 | @a10447@dTN342@e14 | |
| 硅变流器工程/樊元武编著.-北京:中国建筑工业出版社,1983 |
| 311页;21cm |
| ISBN :CNY1.25 |
| ● |
| 相关链接 |
|
|
|
|
正题名:硅变流器工程
索取号:TN342/14
 
预约/预借
| 序号 | 登录号 | 条形码 | 馆藏地/架位号 | 状态 | 备注 |
| 1 | 0097771 | 202212952 | 密集书库/ [索取号:TN342/14] | 在馆 | |
| 2 | 0097772 | 202212916 | 密集书库/ [索取号:TN342/14] | 在馆 | |
| 3 | 0097773 | 202212872 | 密集书库/ [索取号:TN342/14] | 在馆 |